000 00906nam a2200301 i 4500
003 EG-GICUC
005 20260414121645.0
008 260414s1972 |||fr|||| 001 0 d
040 _aEG-GiCUC
_beng
_cEG-GiCUC
_dEG-GiCUC
_erda
082 0 4 _221
_a343.3
_bMA . D
092 0 4 _221
099 _aLaw1 10 343.3 MA . D 1972
100 1 _aManzini, vincenzo
_eAuthor.
245 1 0 _aDIRITTO PROCESSUALE PENALE ITALIANO /
264 _aTorino :
_bunione tipografico,
_c1972.
300 _a986 pages ;
_c24 cm
336 _2rda content
_atext
337 _2rda media
_aComputer
338 _2rda carrier
_aOnline Resource
500 _ainclude index
504 _aBibliography: pages 200-250.
650 1 4 _aCriminal law
_2qrmak
651 1 _2qrmak
700 1 _aConso, giovanni
_eeditor.
856 4 0 _uhttps://fll.law.cu.edu.eg/fulltext/bks/B10-09136.pdf
905 _a161
942 _2ddc
_cBK
_e21
_n0
999 _c70869
_d70869